Loading...
English syntax and argumentation
| Main Author: | |
|---|---|
| Format: | Printed Book |
| Published: |
London, Routledge
1997
|
| Subjects: |
| LEADER | 005660000a22002050004500 | ||
|---|---|---|---|
| 020 | |a 0-333-64306-2 | ||
| 082 | |a 425 N7 | ||
| 100 | |a Aarts, Bas; Author | ||
| 245 | |a English syntax and argumentation | ||
| 260 | |a London, Routledge | ||
| 260 | |c 1997 | ||
| 465 | |a P 15.99 | ||
| 500 | |a Bas Aarts | ||
| 650 | |a English language | ||
| 650 | |a Grammar | ||
| 650 | |a Linguistics | ||
| 650 | |a Syntax | ||
| 942 | |c BK | ||
| 999 | |c 29380 |d 29380 | ||
| 952 | |0 0 |1 0 |4 0 |6 425_000000000000000_N7 |7 0 |8 ENG |9 29220 |a MGUL |b MGUL |d 2013-07-16 |e P 15.99 |l 0 |o 425 N7 |p 29667 |r 2013-07-16 |w 2013-07-16 |y BK | ||